00738nam a2200193Ia 4500003000900000008004100009020001800050040001600068080002100084100002100105245019000126260006600316300001500382650004100397650002300438650002300461700003200484700002800516IN-BaIIA211028s9999 xx 000 0 eng d a0-9603796-3-0 cIIA Library a083.8:524.7bCOR aCorwin, Harold G 0aSouthern galaxy catalougeba catalogue of 5481 galaxies south of declination-17 degrees found on 1.2-m U.K. Schmidt IIIa-J platescH. G. Corwin, A. de Vaucouleurs and G. de Vaucouleurs  aAustinbDepartment of Astronomy the University of Texasc1985 axxv, 308p. aAstronomy and Astrophysics Thesaurus aCatalogue-Galaxies aGalaxies catalogue aVaucouleurs, Antoinette, De aVaucouleurs, Gerard, De